اللجان الخاصة و دورها في المجتمع الروماني خلال العصر الجمهوري 509ق.م:27ق.م / (Record no. 179123)

MARC details
000 -LEADER
fixed length control field 05935namaa22004211i 4500
003 - CONTROL NUMBER IDENTIFIER
control field OSt
005 - أخر تعامل مع التسجيلة
control field 20260401124236.0
008 - FIXED-LENGTH DATA ELEMENTS--GENERAL INFORMATION
fixed length control field 250827s2025 ua a|||frm||| 000 0 eng d
040 ## - CATALOGING SOURCE
Original cataloguing agency EG-GICUC
Language of cataloging ara
Transcribing agency EG-GICUC
Modifying agency EG-GICUC
Description conventions rda
041 0# - LANGUAGE CODE
Language code of text/sound track or separate title ara
Language code of summary or abstract ara
-- eng
049 ## - Acquisition Source
Acquisition Source إيداع
082 04 - DEWEY DECIMAL CLASSIFICATION NUMBER
Classification number 937.02
092 ## - LOCALLY ASSIGNED DEWEY CALL NUMBER (OCLC)
Classification number 937.02
Edition number 21
097 ## - Degree
Degree مــــاجستير
099 ## - LOCAL FREE-TEXT CALL NUMBER (OCLC)
Local Call Number Cai01.02.03.M.A.2025.سم.ل
100 0# - MAIN ENTRY--PERSONAL NAME
Authority record control number or standard number ،سماح ربيع خلف أحمد
Preparation إعداد.
245 10 - TITLE STATEMENT
Title اللجان الخاصة و دورها في المجتمع الروماني خلال العصر الجمهوري 509ق.م:27ق.م /
Statement of responsibility, etc. إعداد سماح ربيع خلف أحمد؛ إشراف أ.د/ آمال حامد زيان، أ.د/ محمود أبو الحسن أحمد.
246 15 - VARYING FORM OF TITLE
Title proper/short title Special committees and their role in roman society during the republican age 509 bc: 27 bc /
264 #0 - PRODUCTION, PUBLICATION, DISTRIBUTION, MANUFACTURE, AND COPYRIGHT NOTICE
Date of production, publication, distribution, manufacture, or copyright notice 2025.
300 ## - PHYSICAL DESCRIPTION
Extent 183 صفحة :
Other physical details إيضاحيات ؛
Dimensions 25 سم. +
Accompanying material CD.
336 ## - CONTENT TYPE
Content type term text
Source rda content
337 ## - MEDIA TYPE
Media type term Unmediated
Source rdamedia
338 ## - CARRIER TYPE
Carrier type term volume
Source rdacarrier
502 ## - DISSERTATION NOTE
Dissertation note أطروحة (ماجستير)-جامعة القاهرة، 2025.
504 ## - BIBLIOGRAPHY, ETC. NOTE
Bibliography, etc. note ببليوجرافيا: صفحات 151-175.
520 ## - SUMMARY, ETC.
Summary, etc. كانت اللجان الخاصة هي احدي أهم أدوات نظام الحكم الروماني خلال العصر الجمهوري، والتي ساهمت بشكل كبير في تخطيط نمط الحياة السياسية والاقتصادية والاجتماعية للرومان بشكلاً عام، وأحدثت أثراً كبيراً على المجتمع الروماني بكافة طبقاته، فقد كانت اللجنة عبارة عن هيئة مكونة من عدد غير محدد من الأعضاء يتم تحديدهم حسب الحاجة أو المهمة المكلفة بها تلك اللجان، وعلى الرغم من أن اللجان الخاصة لم تكن هيئة دائمة أو منصباً ثابتاً في الدولة الرومانية.اللجان كانت بالأهمية بمكان جعلت الرومان يلجأون للاستعانة بها كثيراً في كل جوانب حياتهم السياسية والاقتصادية والاجتماعية لتساعدهم على الخروج من الأزمات وإيجاد حلول واقعية لها، فمثلاً نجد أنهم كانوا يلجؤون لتلك اللجان لحل أزمة سياسية مع قوى كبيرة أخرى معاصرة لهم، أو لفرض وجودهم السياسي والعسكري على المسرح السياسي للعالم القديم آنذاك. نجد أنه كان يتم الاستعانة بتلك اللجان لحل مشكلات اقتصادية كبيرة كان من شأنها أن تؤدي بالاقتصاد والمجتمع الروماني، أيضاً كان للمشاريع التي أشرفت عليها تلك اللجان أثر كبير على حياة المواطن الروماني العادي الذي استفاد منها كثيراً في حياته اليومية، لذلك كان لابد من دراسة هذه اللجان الخاصة لكي يتسني لنا معرفة أثرها على المجتمع الروماني ودورها في النمو بنظام الحكم الروماني في العصر الجمهوري ووصولاً إلى ما أحدثته من تأثير كبير في طريق بناء الإمبراطورية الرومانية العظمى بعد ذلك <br/>
520 ## - SUMMARY, ETC.
Summary, etc. Special committees were among the most important instruments of the Roman system of governance during the Republican era. They played a significant role in shaping the political, economic, and social structure of Roman life in general and had a considerable impact on Roman society across all classes. A committee was a body composed of an undefined number of members, selected according to the needs of the task it was assigned. Although these committees were not permanent institutions or official positions within the Roman state, their significance was such that the Romans frequently resorted to them in various aspects of political, economic, and social life.The Romans relied on these committees to help them navigate crises and find practical solutions. For instance, committees were often formed to resolve political tensions with major contemporary powers or to assert Roman political and military presence on the international stage of the ancient world. Similarly, they were used to address serious economic issues that threatened the stability of Roman society and its economy. The projects overseen by these committees greatly affected the daily lives of ordinary Roman citizens, offering tangible benefits that improved their quality of life.Therefore, studying these special committees is essential to understanding their impact on Roman society and their role in the evolution of the Roman system of governance during the Republican era, ultimately contributing to the foundation and rise of the great Roman Empire.
530 ## - ADDITIONAL PHYSICAL FORM AVAILABLE NOTE
Issues CD صدر أيضًا كقرص مدمج.
546 ## - LANGUAGE NOTE
Text Language النص بالعربية والملخص باللغة الإنجليزية والعربية.
650 #7 - SUBJECT ADDED ENTRY--TOPICAL TERM
Topical term or geographic name entry element عصر الجمهورية الرومانية
Source of heading or term qrmak
653 #0 - INDEX TERM--UNCONTROLLED
Uncontrolled term لجنة
-- الجمهوري
-- روما
-- قانون
700 0# - ADDED ENTRY--PERSONAL NAME
Personal name آمال حامد زيان
Relator term مشرف أطروحة.
700 0# - ADDED ENTRY--PERSONAL NAME
Personal name محمود أبو الحسن أحمد
Relator term مشرف أطروحة.
900 ## - Thesis Information
Grant date 15-01-2025
Supervisory body آمال حامد زيان
-- محمود أبو الحسن أحمد
Discussion body السيد محمد جاد السيد
-- رضا عبد الجواد كمال رسلان
Universities جامعة القاهرة
Faculties كلية الآداب
Department قسم يوناني وروماني
905 ## - Cataloger and Reviser Names
Cataloger Name Sara Salah
942 ## - ADDED ENTRY ELEMENTS (KOHA)
Source of classification or shelving scheme Dewey Decimal Classification
Koha item type Thesis
Edition 21
Suppress in OPAC No
Holdings
Source of classification or shelving scheme Home library Current library Date acquired Inventory number Full call number Barcode Date last seen Effective from Koha item type
Dewey Decimal Classification المكتبة المركزبة الجديدة - جامعة القاهرة قاعة الرسائل الجامعية - الدور الاول 01.04.2026 33067 Cai01.02.03.M.A.2025.سم.ل 01010100033067000 01.04.2026 01.04.2026 Thesis
Cairo University Libraries Portal Implemented & Customized by: Eng. M. Mohamady Contacts: new-lib@cl.cu.edu.eg | cnul@cl.cu.edu.eg
CUCL logo CNUL logo
© All rights reserved — Cairo University Libraries
CUCL logo
Implemented & Customized by: Eng. M. Mohamady Contact: new-lib@cl.cu.edu.eg © All rights reserved — New Central Library
CNUL logo
Implemented & Customized by: Eng. M. Mohamady Contact: cnul@cl.cu.edu.eg © All rights reserved — Cairo National University Library